Применение газа в качестве топлива в ДВС; Инновационные технологии в машиностроении

Podrobná bibliografie
Parent link:Инновационные технологии в машиностроении.— 2017.— [С. 78-81]
Hlavní autor: Терентьев Е. С.
Korporativní autor: Национальный исследовательский Томский политехнический университет (ТПУ) Юргинский технологический институт (филиал) (ЮТИ) Кафедра технологии машиностроения (ТМС)
Další autoři: Ретюнский О. Ю. Олег Юрьевич
Shrnutí:Заглавие с экрана
Мировой спрос на источники дешёвой энергии растёт с каждым годом. Например, в Азии в районах, где есть метановый газ, всё больше используют электрогенераторы на базе стационарных газовых двигателей. Помимо этого, по мере развития инфраструктуры для газоснабжения ожидается и рост числа газовых двигателей. В данной статье мы рассматриваем применение газа в качестве топлива для двигателей внутреннего сгорания.
The global demand for sources of cheap energy is growing every year. For example, in Asia, in areas where there is methane gas, more frequent use of generators on the base of stationary gas engines. In addition, the development of infrastructure for gas supply and expected growth in the number of gas engines. In this article we consider the use of gas as a fuel for internal combustion engines.
Jazyk:ruština
Vydáno: 2017
Edice:Инновационные технологии получения и обработки материалов в машиностроении
Témata:
On-line přístup:http://earchive.tpu.ru/handle/11683/38675
Médium: MixedMaterials Elektronický zdroj Kapitola
KOHA link:https://koha.lib.tpu.ru/cgi-bin/koha/opac-detail.pl?biblionumber=622554

MARC

LEADER 00000naa2a2200000 4500
001 622554
005 20231102023959.0
035 |a (RuTPU)RU\TPU\conf\21323 
035 |a RU\TPU\conf\21322 
090 |a 622554 
100 |a 20170524d2017 k y0rusy50 ca 
101 0 |a rus  |d eng 
102 |a RU 
105 |a y z 101zy 
135 |a drgn ---uucaa 
181 0 |a i  
182 0 |a b 
200 1 |a Применение газа в качестве топлива в ДВС  |f Е. С. Терентьев, О. Ю. Ретюнский 
203 |a Текст  |c электронный 
225 1 |a Инновационные технологии получения и обработки материалов в машиностроении 
230 |a 1 компьютерный файл (pdf; 192 Kb) 
300 |a Заглавие с экрана 
320 |a [Библиогр.: с. 81 (4 назв.)] 
330 |a Мировой спрос на источники дешёвой энергии растёт с каждым годом. Например, в Азии в районах, где есть метановый газ, всё больше используют электрогенераторы на базе стационарных газовых двигателей. Помимо этого, по мере развития инфраструктуры для газоснабжения ожидается и рост числа газовых двигателей. В данной статье мы рассматриваем применение газа в качестве топлива для двигателей внутреннего сгорания. 
330 |a The global demand for sources of cheap energy is growing every year. For example, in Asia, in areas where there is methane gas, more frequent use of generators on the base of stationary gas engines. In addition, the development of infrastructure for gas supply and expected growth in the number of gas engines. In this article we consider the use of gas as a fuel for internal combustion engines. 
463 0 |0 (RuTPU)RU\TPU\conf\21273  |t Инновационные технологии в машиностроении  |o сборник трудов VIII Международной научно-практической конференции, 18-20 мая 2017 г., Юрга  |f Национальный исследовательский Томский политехнический университет (ТПУ), Юргинский технологический институт (ЮТИ) ; под ред. Д. А. Чинахова  |v [С. 78-81]  |d 2017 
610 1 |a труды учёных ТПУ 
610 1 |a электронный ресурс 
610 1 |a газобаллонное оборудование 
610 1 |a газ 
610 1 |a безопасность 
610 1 |a двигатели внутреннего сгорания 
610 1 |a топливо 
700 1 |a Терентьев  |b Е. С. 
701 1 |a Ретюнский  |b О. Ю.  |c специалист в области машиностроения  |c доцент, заведующий кафедрой Юргинского технологического института Томского политехнического университета, кандидат технических наук  |f 1969-  |g Олег Юрьевич  |2 stltpush  |3 (RuTPU)RU\TPU\pers\24269  |9 10739 
712 0 2 |a Национальный исследовательский Томский политехнический университет (ТПУ)  |b Юргинский технологический институт (филиал) (ЮТИ)  |b Кафедра технологии машиностроения (ТМС)  |h 356  |2 stltpush  |3 (RuTPU)RU\TPU\col\18902 
801 2 |a RU  |b 63413507  |c 20171228  |g RCR 
856 4 |u http://earchive.tpu.ru/handle/11683/38675 
942 |c BK